Countries that Consume the most Electricity - Statistics

General Stats
  • This quiz has been taken 35 times
  • The average score is 9 of 10
Answer Stats
Kilowatt Hours Country % Correct
4,831,000,000,000 China
100%
3,883,000,000,000 United States
100%
479,000,000,000 Brazil
94%
583,000,000,000 Germany
94%
552,000,000,000 Canada
91%
463,000,000,000 France
91%
758,000,000,000 India
91%
1,037,000,000,000 Russia
91%
860,000,000,000 Japan
88%
472,000,000,000 South Korea
63%
No matching quizzes found
Score Distribution
Percent of People with Each Score
Percentile by Number Answered
Your Score History
You have not taken this quiz